[Event "Heusenstamm Schloss op 1st"]
[Site "Heusenstamm"]
[Date "2014.11.22"]
[Round "4"]
[White "Keller, Alexander"]
[Black "Hinrichs, Paul"]
[Result "1-0"]
[WhiteElo "1963"]
[BlackElo "1644"]
[PlyCount "31"]
[EventDate "2014.11.20"]
[EventType "swiss"]
[EventRounds "7"]
[EventCountry "GER"]
[SourceTitle "CBM 163 Extra"]
[Source "ChessBase"]
[SourceDate "2014.12.23"]
[SourceVersion "1"]
[SourceVersionDate "2014.12.23"]
[SourceQuality "1"]

1. Nc3 d5 2. e4 c6 3. f4 g6 4. Be2 Bg7 5. e5 e6 6. Nf3 Ne7 7. d4 b6 8. Be3 Bb7 9. Qd2 Nd7 10. 0-0-0 Rc8 11. g4 c5 12. Nb5 Kf8 13. Nd6 Rb8 14. Ng5 Qc7 15. Ndxf7 Rg8 16. Nxe6+ 1-0

[Event "Heusenstamm Schloss op 1st"]
[Site "Heusenstamm"]
[Date "2014.11.22"]
[Round "5"]
[White "Turp, Hueseyin"]
[Black "Keller, Alexander"]
[Result "0-1"]
[WhiteElo "1651"]
[BlackElo "1963"]
[PlyCount "96"]
[EventDate "2014.11.20"]
[EventType "swiss"]
[EventRounds "7"]
[EventCountry "GER"]
[SourceTitle "CBM 163 Extra"]
[Source "ChessBase"]
[SourceDate "2014.12.23"]
[SourceVersion "1"]
[SourceVersionDate "2014.12.23"]
[SourceQuality "1"]

1. d4 Nf6 2. c4 e6 3. Nc3 Bb4 4. Qb3 c5 5. a3 Bxc3+ 6. bxc3 0-0 7. Bg5 h6 8. Bh4 cxd4 9. cxd4 Nc6 10. e3 Qa5+ 11. Kd1 Ne4 12. Nf3 g5 13. Bd3 d5 14. Bxe4 dxe4 15. Nd2 gxh4 16. Nxe4 f5 17. Nd2 Rd8 18. Nf3 Bd7 19. Ke2 Ne7 20. Nxh4 Rac8 21. Rhb1 b6 22. Kf1 Qa6 23. Rc1 Nc6 24. Qd1 Be8 25. Qf3 Na5 26. Kg1 Nb3 27. d5 Qb7 28. e4 Nxa1 29. exf5 Qxd5 30. Qg3+ Kh7 31. Rf1 Qd3 32. Qe5 Qxc4 33. fxe6 Qxh4 34. e7 Rd7 35. Qf5+ Kg7 36. Qf8+ Kg6 37. f4 Qxe7 38. Qg8+ Kf6 39. Qg3 Qc5+ 40. Kh1 Nc2 41. Qh4+ Kg7 42. Qg4+ Kh7 43. Qe6 Qd5 44. Qf6 Rg7 45. Rg1 Rxg2 46. Rxg2 Qd1+ 47. Rg1 Bc6+ 48. Qxc6 Qxg1+ 0-1

[Event "Hofheim Spring op-B 1st"]
[Site "Hofheim"]
[Date "2013.04.05"]
[Round "6"]
[White "Schloeffel, Christian"]
[Black "Keller, Alexander"]
[Result "1-0"]
[WhiteElo "1883"]
[BlackElo "1889"]
[PlyCount "47"]
[EventDate "2013.04.02"]
[EventType "swiss"]
[EventRounds "9"]
[EventCountry "GER"]
[SourceTitle "EXT 2018"]
[Source "ChessBase"]
[SourceDate "2017.10.13"]
[SourceVersion "1"]
[SourceVersionDate "2017.10.13"]
[SourceQuality "1"]

1. e4 b6 2. d4 Bb7 3. Nc3 Nf6 4. e5 Nd5 5. Nxd5 Bxd5 6. c4 Bb7 7. f4 e6 8. Bd2 c5 9. dxc5 Bxc5 10. Nf3 Nc6 11. Be2 Qc7 12. a3 a5 13. Rb1 a4 14. Bc3 Be3 15. Bd2 Bxd2+ 16. Qxd2 Na5 17. 0-0 0-0 18. Qd3 Rfd8 19. Ng5 g6 20. Qh3 h5 21. Bxh5 gxh5 22. Qxh5 d6 23. Qh7+ Kf8 24. Nxe6+ 1-0

[Event "Hofheim Spring op-B 1st"]
[Site "Hofheim"]
[Date "2013.04.04"]
[Round "3"]
[White "Keller, Alexander"]
[Black "Budde, Michael"]
[Result "1-0"]
[WhiteElo "1889"]
[BlackElo "1882"]
[PlyCount "50"]
[EventDate "2013.04.02"]
[EventType "swiss"]
[EventRounds "9"]
[EventCountry "GER"]
[SourceTitle "EXT 2018"]
[Source "ChessBase"]
[SourceDate "2017.10.13"]
[SourceVersion "1"]
[SourceVersionDate "2017.10.13"]
[SourceQuality "1"]

1. Nc3 d5 2. e4 d4 3. Nce2 e5 4. Ng3 Be6 5. Nf3 Nd7 6. c3 c5 7. Bb5 Bg4 8. Bxd7+ Qxd7 9. Nxe5 Bxd1 10. Nxd7 Kxd7 11. Kxd1 d3 12. c4 Bd6 13. a4 Bxg3 14. hxg3 Kc6 15. Ra3 Rd8 16. Re1 Nf6 17. f3 Rd7 18. Re3 Rhd8 19. Ke1 Ne8 20. b3 Nc7 21. Bb2 f6 22. Kf2 a5 23. Ra1 Na6 24. Bc3 b6 25. Rae1 Nb4 1-0

[Event "LSS SN-2009-0-00150"]
[Site "LSS email"]
[Date "2009.04.26"]
[Round "?"]
[White "Bester, Kazimierz"]
[Black "Keller, Alexander"]
[Result "1-0"]
[WhiteElo "232"]
[BlackElo "550"]
[PlyCount "39"]
[EventDate "2009.04.12"]
[EventType "tourn (corr)"]
[EventRounds "6"]
[EventCountry "GER"]
[SourceTitle "Corr 2011"]
[Source "ChessBase"]
[SourceDate "2010.08.31"]
[SourceVersion "1"]
[SourceVersionDate "2010.08.31"]
[SourceQuality "1"]

1. e4 e5 2. Nf3 Nc6 3. d4 Nf6 4. d5 Nb4 5. c3 Nxe4 6. a3 Na6 7. Bxa6 bxa6 8. 0-0 Bc5 9. Nxe5 d6 10. Nc6 Qf6 11. Nd4 Bb6 12. Qe2 Bf5 13. Qe3 0-0 14. f3 Ng3 15. hxg3 c5 16. Nxf5 Qxf5 17. c4 Rfe8 18. Qf4 Qd3 19. Nc3 Re5 20. Bd2 1-0

[Event "LSS RN-2009-0-00206"]
[Site "LSS email"]
[Date "2009.04.23"]
[Round "?"]
[White "Keller, Alexander"]
[Black "Yangibayev, Rustam"]
[Result "0-1"]
[WhiteElo "679"]
[BlackElo "852"]
[PlyCount "34"]
[EventDate "2009.03.31"]
[EventType "tourn (corr)"]
[EventRounds "6"]
[EventCountry "GER"]
[SourceTitle "Corr 2011"]
[Source "ChessBase"]
[SourceDate "2010.08.31"]
[SourceVersion "1"]
[SourceVersionDate "2010.08.31"]
[SourceQuality "1"]

1. c4 Nf6 2. Nc3 g6 3. e4 d6 4. d4 Bg7 5. Nf3 Nbd7 6. Be3 c6 7. Qb3 0-0 8. 0-0-0 a5 9. c5 b5 10. cxd6 exd6 11. e5 dxe5 12. dxe5 Ne8 13. e6 fxe6 14. Qxe6+ Kh8 15. Ng5 Qf6 16. Qh3 h5 17. Nce4 Qxb2# 0-1

[Event "LSS RN-2009-0-00206"]
[Site "LSS email"]
[Date "2009.04.23"]
[Round "?"]
[White "Vontina, Maria"]
[Black "Keller, Alexander"]
[Result "1-0"]
[WhiteElo "605"]
[BlackElo "550"]
[PlyCount "41"]
[EventDate "2009.03.31"]
[EventType "tourn (corr)"]
[EventRounds "6"]
[EventCountry "GER"]
[SourceTitle "Corr 2011"]
[Source "ChessBase"]
[SourceDate "2010.08.31"]
[SourceVersion "1"]
[SourceVersionDate "2010.08.31"]
[SourceQuality "1"]

1. d4 c5 2. dxc5 e5 3. Nc3 Bxc5 4. Nf3 Nc6 5. Bg5 Qa5 6. e3 Bb4 7. Qd2 e4 8. Nd4 Bxc3 9. bxc3 Qxg5 10. Nxc6 dxc6 11. 0-0-0 Be6 12. Kb1 Qa5 13. c4 Qb6+ 14. Ka1 Nf6 15. h3 0-0 16. Qc3 Qc5 17. Be2 b5 18. Rd2 Bxc4 19. Bxc4 b4 20. Qb3 a5 21. Rhd1 1-0

[Event "LSS BI-2009-P-00024"]
[Site "LSS email"]
[Date "2009.04.19"]
[Round "?"]
[White "Keller, Alexander"]
[Black "Roberts, Anthony"]
[Result "0-1"]
[WhiteElo "679"]
[BlackElo "2256"]
[PlyCount "39"]
[EventDate "2009.04.20"]
[EventType "tourn (corr)"]
[EventRounds "10"]
[EventCountry "GER"]
[SourceTitle "Corr 2011"]
[Source "ChessBase"]
[SourceDate "2010.08.31"]
[SourceVersion "1"]
[SourceVersionDate "2010.08.31"]
[SourceQuality "1"]

1. e4 c5 2. Nf3 d6 3. d4 cxd4 4. Qxd4 Nc6 5. Qa4 Bd7 6. Bb5 a6 7. Bxc6 Bxc6 8. Qd4 f5 9. Nc3 fxe4 10. Nxe4 e5 11. Qe3 Nf6 12. Nfg5 Nxe4 13. Nxe4 Qh4 14. Ng5 Bxg2 15. Rg1 Qxh2 16. Ke2 Qxg1 17. Bd2 Qxa1 18. Qb3 Qf1+ 19. Ke3 d5 20. Qb6 0-1

[Event "LSS SN-2009-0-00146"]
[Site "LSS email"]
[Date "2009.04.12"]
[Round "?"]
[White "Puri, Chaand"]
[Black "Keller, Alexander"]
[Result "1-0"]
[WhiteElo "583"]
[BlackElo "550"]
[PlyCount "33"]
[EventDate "2009.03.25"]
[EventType "tourn (corr)"]
[EventRounds "6"]
[EventCountry "GER"]
[SourceTitle "Corr 2011"]
[Source "ChessBase"]
[SourceDate "2010.08.31"]
[SourceVersion "1"]
[SourceVersionDate "2010.08.31"]
[SourceQuality "1"]

1. e4 e5 2. Nf3 Nc6 3. Bc4 Nf6 4. Nc3 Nd4 5. 0-0 Bc5 6. Re1 Ng4 7. Na4 Nxc2 8. Nxc5 Nxa1 9. d3 d6 10. Na4 Bd7 11. b3 b5 12. Bxb5 Bxb5 13. Bd2 Bxd3 14. Qxa1 Bb5 15. Ng5 Bxa4 16. bxa4 Qf6 17. Qc1 1-0

[Event "LSS RN-2009-0-00199"]
[Site "LSS email"]
[Date "2009.03.21"]
[Round "?"]
[White "Mori, Roberto"]
[Black "Keller, Alexander"]
[Result "1-0"]
[WhiteElo "608"]
[BlackElo "679"]
[PlyCount "63"]
[EventDate "2009.03.06"]
[EventType "tourn (corr)"]
[EventRounds "6"]
[EventCountry "GER"]
[SourceTitle "Corr 2011"]
[Source "ChessBase"]
[SourceDate "2010.08.31"]
[SourceVersion "1"]
[SourceVersionDate "2010.08.31"]
[SourceQuality "1"]

1. e4 e5 2. Nf3 Nc6 3. d4 exd4 4. Nxd4 Qf6 5. Nxc6 Bc5 6. Qd2 Qxc6 7. Bd3 Nf6 8. 0-0 Nxe4 9. Bxe4 d5 10. Bf3 Bh3 11. gxh3 0-0-0 12. Qg5 g6 13. c4 h6 14. Qf4 Qe6 15. Bg4 Bd6 16. Qe3 Rde8 17. cxd5 Qxg4+ 18. hxg4 Rxe3 19. fxe3 Rf8 20. e4 Be5 21. Nc3 g5 22. Be3 f6 23. Bxa7 b6 24. Rab1 Kb7 25. Nb5 Ra8 26. Rf3 Ka6 27. a4 Rxa7 28. Nxa7 Kxa7 29. b4 Ka6 30. a5 b5 31. Rc1 Kb7 32. Rc6 1-0

[Event "LSS RN-2009-0-00199"]
[Site "LSS email"]
[Date "2009.03.20"]
[Round "?"]
[White "Keller, Alexander"]
[Black "Lanier, Jeff"]
[Result "0-1"]
[WhiteElo "679"]
[BlackElo "724"]
[PlyCount "90"]
[EventDate "2009.03.06"]
[EventType "tourn (corr)"]
[EventRounds "6"]
[EventCountry "GER"]
[SourceTitle "Corr 2011"]
[Source "ChessBase"]
[SourceDate "2010.08.31"]
[SourceVersion "1"]
[SourceVersionDate "2010.08.31"]
[SourceQuality "1"]

1. e4 e5 2. Nf3 d6 3. d4 exd4 4. Qxd4 Nc6 5. Qa4 Bd7 6. Bb5 a6 7. Bxc6 Bxc6 8. Qc4 Bb5 9. Qd5 c6 10. Qd1 c5 11. Nc3 Bc6 12. 0-0 Nf6 13. e5 dxe5 14. Bg5 Qxd1 15. Raxd1 Nd7 16. Bh4 Bxf3 17. gxf3 f6 18. a4 h5 19. Nd5 Rc8 20. f4 Bd6 21. Nb6 Nxb6 22. Rxd6 Nc4 23. Rd3 Nxb2 24. Rb3 Nxa4 25. Rxb7 0-0 26. fxe5 g5 27. Bg3 h4 28. exf6 hxg3 29. Rg7+ Kh8 30. fxg3 Rc6 31. Rf5 Rcxf6 32. Rfxg5 Rf1+ 33. Kg2 R1f2+ 34. Kh3 Rxc2 35. Kh4 Rxh2+ 36. Kg4 c4 37. R7g6 Ra8 38. Rh5+ Rxh5 39. Kxh5 c3 40. Rc6 a5 41. Kg6 Rg8+ 42. Kh6 Rb8 43. Kg6 Rb6 44. Rxb6 Nxb6 45. Kf7 c2 0-1

[Event "LSS RN-2009-0-00199"]
[Site "LSS email"]
[Date "2009.03.20"]
[Round "?"]
[White "Meszaros, Attila Jr"]
[Black "Keller, Alexander"]
[Result "1-0"]
[WhiteElo "499"]
[BlackElo "679"]
[PlyCount "55"]
[EventDate "2009.03.06"]
[EventType "tourn (corr)"]
[EventRounds "6"]
[EventCountry "GER"]
[SourceTitle "Corr 2011"]
[Source "ChessBase"]
[SourceDate "2010.08.31"]
[SourceVersion "1"]
[SourceVersionDate "2010.08.31"]
[SourceQuality "1"]

1. e4 c5 2. Nf3 Nc6 3. Be2 e5 4. 0-0 b5 5. Bxb5 Bb7 6. Nc3 Nd4 7. Nxd4 cxd4 8. Nd5 Nf6 9. Nxf6+ gxf6 10. d3 a6 11. Ba4 f5 12. exf5 Qf6 13. f3 Bc6 14. Bxc6 dxc6 15. c3 Bc5 16. c4 Qxf5 17. Qa4 Qg6 18. g3 h5 19. f4 Qxd3 20. Qxc6+ Ke7 21. Qxc5+ Kd7 22. Qd5+ Kc7 23. Qxe5+ Kd7 24. Qd5+ Ke7 25. Qb7+ Kf6 26. Qc6+ Ke7 27. Re1+ Kd8 28. Qxa8+ 1-0

[Event "LSS SN-2009-0-00141"]
[Site "LSS email"]
[Date "2009.03.19"]
[Round "?"]
[White "Cser, Andras"]
[Black "Keller, Alexander"]
[Result "1-0"]
[WhiteElo "872"]
[BlackElo "550"]
[PlyCount "69"]
[EventDate "2009.02.28"]
[EventType "tourn (corr)"]
[EventRounds "6"]
[EventCountry "GER"]
[SourceTitle "Corr 2011"]
[Source "ChessBase"]
[SourceDate "2010.08.31"]
[SourceVersion "1"]
[SourceVersionDate "2010.08.31"]
[SourceQuality "1"]

1. e4 e5 2. Nf3 Nc6 3. Bc4 f5 4. exf5 Nf6 5. 0-0 d5 6. Bb5 Bxf5 7. d3 Qd7 8. Nxe5 Qd6 9. Re1 Be7 10. Nc3 0-0 11. Nxc6 bxc6 12. Ba4 Ng4 13. f4 g5 14. g3 h5 15. fxg5 h4 16. Bf4 Qc5+ 17. d4 Qb4 18. Rxe7 Qxe7 19. Bxc6 Rab8 20. Nxd5 Qe6 21. Bxc7 Rxb2 22. Be5 Nxe5 23. dxe5 Rxc2 24. Nf6+ Rxf6 25. gxf6 Qxc6 26. Qd8+ Kh7 27. Qe7+ Kh6 28. Qg7+ Kh5 29. Qh8+ Kg6 30. Qg7+ Kh5 31. Qh8+ Kg4 32. Qxh4+ Kf3 33. Qf4+ Ke2 34. Qf1+ Ke3 35. Re1+ 1-0

[Event "LSS OP-2009-0-00792"]
[Site "LSS email"]
[Date "2009.03.19"]
[Round "?"]
[White "Keller, Alexander"]
[Black "Wallerstorfer, Josef"]
[Result "0-1"]
[WhiteElo "679"]
[BlackElo "800"]
[PlyCount "48"]
[EventDate "2009.03.16"]
[EventType "tourn (corr)"]
[EventRounds "4"]
[EventCountry "GER"]
[SourceTitle "Corr 2011"]
[Source "ChessBase"]
[SourceDate "2010.08.31"]
[SourceVersion "1"]
[SourceVersionDate "2010.08.31"]
[SourceQuality "1"]

1. e4 e5 2. Nf3 d6 3. d4 exd4 4. Bc4 h6 5. Qxd4 Nf6 6. e5 dxe5 7. Qxd8+ Kxd8 8. Nxe5 Be6 9. Bxe6 fxe6 10. Nf7+ Ke8 11. Nxh8 Bd6 12. Ng6 Nc6 13. Bf4 Kf7 14. Bxd6 cxd6 15. Nf4 Nd4 16. Na3 Rc8 17. 0-0-0 e5 18. Nh3 Ne4 19. Rhe1 Nc5 20. Nc4 Ke7 21. Na5 Kd7 22. b4 Na6 23. a3 Nxc2 24. Re4 Ne3+ 0-1